000
00338 a2200169 4500
001
189996
020
_a
85-06-02522-2
040
_c
Magnum
100
_a
Ziraldo
240
1
0
_a
Tantas tias
_l
por
245
1
0
_a
Tantas tias
300
_a
31
362
0
_a
2003
440
1
_a
Melhoramentos
697
_a
LITERATURA INFANTO
942
_c
BK
999
_c
189996
_d
189996